| 000 | 00392nam a22001457a 4500 | ||
|---|---|---|---|
| 008 | 230405b |||||||| |||| 00| 0 eng d | ||
| 020 | _a978-93-86348-42-5 | ||
| 082 | _a808.51 | ||
| 100 | _aDale Carnegie with J. Berg Esenwein | ||
| 245 | _aThe art of public speaking | ||
| 260 |
_bJaico Publishing House, _c2017 |
||
| 300 |
_a345 p. _c22 cm |
||
| 942 | _2ddc | ||
| 999 |
_c9461 _d9462 |
||